|
|
|
|
| LEADER |
00000nam a2200000 a 4500 |
| 001 |
vtls001339794 |
| 003 |
SK-MaSNL |
| 005 |
20260301050511.0 |
| 008 |
251031s1998 xo r 0 cze |
| 015 |
|
|
|a SNBA1998/12-04595
|
| 020 |
|
|
|a 8088733987
|
| 035 |
|
|
|a SNK000292871
|
| 040 |
|
|
|a SNK
|b slo
|c SNK
|e AACR2
|
| 041 |
1 |
|
|a cze
|h eng
|
| 044 |
|
|
|a xo
|c SK
|
| 080 |
|
|
|a 159.913=850
|2 1981
|
| 100 |
1 |
|
|a Murphy, Joseph,
|d 1898-1981
|4 aut
|9 120609
|
| 240 |
1 |
0 |
|a The amazing laws of cosmic mind power
|l Česky
|
| 245 |
1 |
|
|a Zákony myšlení a víry
|b budete tím, co si myslíte a v co věříte
|c Joseph Murphy ; [překlad Zuzana Soukupová]
|
| 260 |
|
|
|a Bratislava
|b Aktuell
|c 1998
|
| 300 |
|
|
|a 231 s.
|c 20 cm
|
| 500 |
|
|
|a Údaj o prekl. prevzatý z rubu tit. strany
|
| 650 |
0 |
7 |
|a myslenie pozitívne
|x príručky
|2 SNK
|9 356224
|
| 655 |
|
7 |
|a príručky
|2 SNK
|9 74364
|
| 700 |
1 |
|
|a Suokupová, Zuzana
|4 trl
|9 47041
|
| 730 |
|
|
|t The amazing laws of cosmic mind power
|9 356225
|
| 919 |
|
|
|a 80-88733-98-7
|
| 958 |
|
|
|a TL
|
| 958 |
|
|
|a OP
|
| 958 |
|
|
|a NS
|
| 958 |
|
|
|a CZ
|
| 958 |
|
|
|a DE
|
| 958 |
|
|
|a US
|
| 968 |
|
|
|a Čes
|b ENG
|c DT
|
| 999 |
|
|
|c 601069
|d 602999
|
| 952 |
|
|
|t P60, <03>, [BOOK], {603}
|a SNK
|b SNK
|y PREZ
|7 0
|p 17A0153676
|o snkSD 69516
|i snkKSP 7832/98
|0 0
|1 0
|4 0
|d 1998-08-24
|l 0
|r 2005-01-02 00:00:00
|w 2026-02-23
|
| 952 |
|
|
|t P60, <04>, [BOOK], {604}
|a SNK
|b SNK
|y VYP
|7 0
|p 17A0153677
|o snkSD 69516 D1
|i snkKSP 7833/98
|0 0
|1 1
|4 0
|d 1998-08-24
|l 0
|r 2005-01-02 00:00:00
|w 2026-02-23
|